000 00306nam a22001337a 4500
008 170323b xxu||||| |||| 00| 0 eng d
020 _a0890044260
041 _aeng
080 _a616.9
100 _a8
101 _aSHM
245 _aVIRAL INFECTIONS OF THE NERVOUS SYSTEM
_cJOHNSON, R.T
942 _2udc
_cBK
999 _c8485
_d8485